Sports Quiz

Random Sports Quiz

F1 fastlappers in order Quiz Stats

Quiz not verified by Sporcle

Challenge
Share
Tweet
Embed
Score 0/117 Timer 10:00
0 Plays Today
Hint Answer % Correct
1992 Belgium???
100%
1993 Britain???
100%
1994 Germany???
100%
1996 Australia???
100%
1999 Canada???
100%
2000 Australia???
100%
2002 Australia???
100%
2003 Canada???
100%
1950 Britain???
66.7%
1950 Monaco???
66.7%
1952 Switzerland???
66.7%
1952 Belgium???
66.7%
1952 Italy???
66.7%
1954 Britain???
66.7%
1954 Germany???
66.7%
1957 Italy???
66.7%
1958 Italy???
66.7%
1959 Monaco???
66.7%
1959 Britain???
66.7%
1963 South Africa???
66.7%
1966 Netherlands???
66.7%
1968 Germany???
66.7%
1969 Germany???
66.7%
1974 France???
66.7%
1975 Brazil???
66.7%
1977 Belgium???
66.7%
1985 France???
66.7%
1990 Germany???
66.7%
1997 Italy???
66.7%
1999 Italy???
66.7%
2001 Europe???
66.7%
2005 Bahrain???
66.7%
2006 Bahrain???
66.7%
2006 Spain???
66.7%
2009 Britain???
66.7%
2009 Hungary???
66.7%
2009 Italy???
66.7%
2010 Turkey???
66.7%
2012 Monaco???
66.7%
Hint Answer % Correct
2012 Singapore???
66.7%
2014 Abu Dhabi???
66.7%
1955 Netherlands???
33.3%
1957 France???
33.3%
1959 USA???
33.3%
1960 Belgium???
33.3%
1960 Portugal???
33.3%
1961 Netherlands???
33.3%
1966 Italy???
33.3%
1969 Spain???
33.3%
1971 South Africa???
33.3%
1973 Argentina???
33.3%
1973 Britain???
33.3%
1974 South Africa???
33.3%
1974 Spain???
33.3%
1975 France???
33.3%
1975 Austria???
33.3%
1976 Japan???
33.3%
1977 Spain???
33.3%
1978 Argentina???
33.3%
1978 USA West???
33.3%
1979 France???
33.3%
1979 USA East???
33.3%
1980 Britain???
33.3%
1981 France???
33.3%
1982 Monaco???
33.3%
1982 Las Vegas???
33.3%
1986 Italy???
33.3%
1991 USA???
33.3%
1991 Hungary???
33.3%
2007 Malaysia???
33.3%
2008 Australia???
33.3%
2008 Malaysia???
33.3%
2009 Europe???
33.3%
2010 Canada???
33.3%
2013 Spain???
33.3%
2014 Russia???
33.3%
1953 Netherlands???
0%
1954 France???
0%
Hint Answer % Correct
1960 Britain???
0%
1961 Monaco???
0%
1961 Italy???
0%
1966 Monaco???
0%
1968 Spain???
0%
1968 Monaco???
0%
1968 France???
0%
1968 Britain???
0%
1968 Italy???
0%
1970 Belgium???
0%
1970 Austria???
0%
1971 Germany???
0%
1971 Italy???
0%
1972 South Africa???
0%
1973 Spain???
0%
1973 Germany???
0%
1974 Sweden???
0%
1977 South Africa???
0%
1981 Brazil???
0%
1982 Netherlands???
0%
1982 Britain???
0%
1983 Belgium???
0%
1983 Canada???
0%
1983 Europe???
0%
1984 Monaco???
0%
1986 Germany???
0%
1988 Germany???
0%
1989 Canada???
0%
1989 France???
0%
1989 Australia???
0%
1991 Belgium???
0%
1997 Australia???
0%
1997 Spain???
0%
1998 Argentina???
0%
2009 Malaysia???
0%
2009 Bahrain???
0%
2012 China???
0%
2012 Spain???
0%
2012 Belgium???
0%

You're not logged in!

Compare scores with friends on all Sporcle quizzes.
Join for Free
OR
Log In

You Might Also Like...

Show Comments

Extras

Created Apr 7, 2016ReportNominate
Tags:order

Top Quizzes Today


Score Distribution

Your Account Isn't Verified!

In order to create a playlist on Sporcle, you need to verify the email address you used during registration. Go to your Sporcle Settings to finish the process.

Report this User

Report this user for behavior that violates our Community Guidelines.

Details: